00347nam a22001337a 4500003000500000038001100005082001600016100002100032245003500053260004400088300001300132880003200145880003600177NUST awaseem a297.63bAKH aAkhtar, Muhammad aAzeem Insan /cMuhammad Akhtar aLahore :bTayaba Noor Printers,c[s.l]. a376 p. ; 6100-01\raمحمد اختر 6245-02\raعظیم انسان /